| 000 | 00787nam a2200229 4500 | ||
|---|---|---|---|
| 010 | _aA-609569 | ||
| 020 | _a8185887055(Set) | ||
| 035 | _aA-609569 | ||
| 037 | _bCen Lib / Ret | ||
| 040 |
_aDPL _bEN |
||
| 082 |
_a921 _bGAN |
||
| 100 | _aGandhi, Rajiv | ||
| 245 |
_aDay by day account of Rajiv Gandhi, 1944-1991 / _cby Rajiv Gandhi ; S. K. Dhanwan ; foreword Jagdish Tytler |
||
| 260 |
_aDelhi _bWave Publications _c1993 |
||
| 270 |
_a721 Mukherjee Nagar _bDelhi _e110009 |
||
| 300 |
_av 2 . 759-1317 ; _b24cm(HB) |
||
| 650 | _aGandhi, Rajiv, -- 1944-1991 -- Chronology. | ||
| 650 | _aPrime ministers -- India -- Biography. | ||
| 650 | _aIndia -- Politics and government -- 1977- -- Chronology. | ||
| 700 | _aTytler, Jagdish | ||
| 942 |
_2ddc _cEN _h921 _mGAN |
||
| 999 |
_c136495 _d136495 |
||